Calculus Single Varible 3rd Ed (Record no. 293097)

000 -LEADER
fixed length control field 00346 a2200133 4500
001 - CONTROL NUMBER
control field 58024
082 ## - DEWEY DECIMAL CLASSIFICATION NUMBER
Classification number 515 SMI
090 ## - LOCALLY ASSIGNED LC-TYPE CALL NUMBER (OCLC); LOCAL CALL NUMBER (RLIN)
-- 35531
-- 35531
100 ## - MAIN ENTRY--PERSONAL NAME
Personal name Robert T. Smith
-- Roland B.Minton
245 ## - TITLE STATEMENT
Title Calculus Single Varible 3rd Ed
Medium English
250 ## - EDITION STATEMENT
Edition statement 3
260 ## - PUBLICATION, DISTRIBUTION, ETC.
Place of publication, distribution, etc. New York
Name of publisher, distributor, etc. Mc Graw Hill Higher Education
Date of publication, distribution, etc. 2008
300 ## - PHYSICAL DESCRIPTION
Extent xxxii+775+35p
942 ## - ADDED ENTRY ELEMENTS (KOHA)
Institution code [OBSOLETE] NUST-CAE
Call number prefix 515 SMI
Holdings
Withdrawn status Lost status Damaged status Not for loan Collection code Permanent Location Current Location Date acquired Total Checkouts Full call number Barcode Date last seen Price effective from Koha item type
          College of Aeronautical Engineering (CAE) College of Aeronautical Engineering (CAE) 04/03/2017   515 SMI CAE80410 04/05/2017 04/05/2017 Book
© 2023 Central Library, National University of Sciences and Technology. All Rights Reserved.